000 00634cam a2200277 4500
001 B1403
008 090401t1978 xxu||||| |||| 00| 0 eng d
035 _a(Sirsi) u44252
041 _aeng
050 _a333.33
110 _aEdward Erdman
_92048
245 _aAnnual property review 1978
260 _aLondon
_bEdward Erdman
_c1978
300 _a46 leaves ; 30cm.
350 _a0
650 _aFRANCE
650 _aINDUSTRIAL PROPERTY
650 _aLONDON
650 _aNETHERLANDS
650 _aOFFICES
650 _aPROPERTY MARKET
650 _aSCOTLAND
650 _aSHOPS
942 _n0
948 _c04/03/1997
999 _c91468
_d91468